[Event "Frosinone op"]
[Site "Frosinone"]
[Date "1998.??.??"]
[Round "2"]
[White "Maggiorino, Francesco"]
[Black "Cristofari, Mario"]
[Result "1-0"]
[WhiteElo "1666"]
[BlackElo "1746"]
[PlyCount "125"]
[EventDate "1998.??.??"]
[EventType "swiss"]
[EventRounds "8"]
[EventCountry "ITA"]
[SourceTitle "EXT 2024"]
[Source "ChessBase"]
[SourceDate "2023.10.10"]
[SourceVersion "1"]
[SourceVersionDate "2023.10.10"]
[SourceQuality "1"]

1. e4 e5 2. Nf3 Nc6 3. Bc4 Bc5 4. c3 Nf6 5. d4 exd4 6. cxd4 Bb4+ 7. Bd2 Bxd2+ 8. Nbxd2 d5 9. exd5 Nxd5 10. Qb3 Nce7 11. 0-0 c6 12. a4 Qb6 13. a5 Qxb3 14. Nxb3 0-0 15. Nc5 Rd8 16. Rfe1 Ng6 17. Re2 Rb8 18. h3 b6 19. axb6 axb6 20. Nd3 Be6 21. Ng5 Ndf4 22. Nxf4 Nxf4 23. Rc2 Bxc4 24. Rxc4 Ne2+ 25. Kh2 Nxd4 26. Ra7 b5 27. Rc5 f6 28. Ne4 Rbc8 29. Rc1 Nb3 30. Rc3 Nd2 31. Ng3 g6 32. h4 c5 33. Kh3 b4 34. Re3 Re8 35. Rd3 Rcd8 36. Rdd7 Rxd7 37. Rxd7 Ne4 38. f3 Nf2+ 39. Kh2 Re1 40. Rd2 Nd1 41. Ne4 c4 42. Nxf6+ Kg7 43. Ne4 c3 44. bxc3 b3 45. Rd7+ Kf8 46. Rb7 b2 47. Nd2 Re2 48. Nb1 Rc2 49. Kh3 Rc1 50. Na3 Rxc3 51. Nb1 Rc1 52. Nd2 Nf2+ 53. Kg3 Nd3 54. Kg4 Rd1 55. Rb8+ Ke7 56. Rb7+ Kd8 57. Rxh7 b1Q 58. Nxb1 Rxb1 59. Kg5 Rb6 60. Rg7 Ne5 61. f4 Nf7+ 62. Rxf7 Ke8 63. Rf6 1-0

[Event "Frosinone op"]
[Site "Frosinone"]
[Date "1998.??.??"]
[Round "8"]
[White "Maggiorino, Francesco"]
[Black "Di Lascio, Savino"]
[Result "0-1"]
[WhiteElo "1666"]
[BlackElo "1864"]
[PlyCount "104"]
[EventDate "1998.??.??"]
[EventType "swiss"]
[EventRounds "8"]
[EventCountry "ITA"]
[SourceTitle "EXT 2024"]
[Source "ChessBase"]
[SourceDate "2023.10.10"]
[SourceVersion "1"]
[SourceVersionDate "2023.10.10"]
[SourceQuality "1"]

1. e4 c6 2. d4 d5 3. Nd2 dxe4 4. Nxe4 Nf6 5. Nxf6+ gxf6 6. c3 Bf5 7. Nf3 Qc7 8. Bc4 Nd7 9. Be3 e6 10. Nh4 Nb6 11. Bb3 Be4 12. Qe2 0-0-0 13. f3 Bg6 14. 0-0-0 Bd6 15. Nxg6 hxg6 16. g3 Rh7 17. f4 f5 18. h4 Nd5 19. Bf2 Nf6 20. Bxe6+ fxe6 21. Qxe6+ Nd7 22. Qxg6 Bxf4+ 23. Kb1 Rh6 24. Qxf5 Bxg3 25. Bxg3 Qxg3 26. Rdg1 Qe3 27. Re1 Qd2 28. Rd1 Qe2 29. Rde1 Qh5 30. Qh3 Rdh8 31. Re7 Qd5 32. Re5 Qf7 33. h5 Rf8 34. Rhe1 Kc7 35. Re7 Qf5+ 36. Qxf5 Rxf5 37. Rg1 Rhxh5 38. c4 Rf2 39. c5 Rd2 40. a3 Rxd4 41. Rg8 Rxc5 42. b4 Rcd5 43. Ree8 Rd2 44. Rc8+ Kb6 45. a4 Ne5 46. Rb8 Nc4 47. Rg7 Nd6 48. a5+ Ka6 49. Rc7 Rf5 50. Rxc6+ bxc6 51. Rb6+ axb6 52. Kc1 Nc4 0-1

[Event "Frosinone op"]
[Site "Frosinone"]
[Date "1998.??.??"]
[Round "6"]
[White "Maggiorino, Francesco"]
[Black "Gorini, Alessandro"]
[Result "0-1"]
[WhiteElo "1666"]
[BlackElo "1606"]
[PlyCount "96"]
[EventDate "1998.??.??"]
[EventType "swiss"]
[EventRounds "8"]
[EventCountry "ITA"]
[SourceTitle "EXT 2024"]
[Source "ChessBase"]
[SourceDate "2023.10.10"]
[SourceVersion "1"]
[SourceVersionDate "2023.10.10"]
[SourceQuality "1"]

1. e4 c5 2. Nf3 d6 3. d4 cxd4 4. Nxd4 Nf6 5. Nc3 a6 6. Bg5 e5 7. Nb3 Be7 8. Bxf6 Bxf6 9. Bd3 Nc6 10. 0-0 0-0 11. Nd5 Be6 12. c4 a5 13. a4 Nb4 14. Nxb4 axb4 15. Qe1 Be7 16. Nd2 Qb6 17. b3 Qd4 18. Qe2 f5 19. Nf3 Qc5 20. exf5 Bxf5 21. Bxf5 Rxf5 22. Qe4 Qc8 23. Nd4 Rf7 24. Nb5 Bf8 25. Rad1 Ra6 26. Rd5 Rf6 27. Rfd1 Qc6 28. Qe1 Qb6 29. Qd2 g6 30. Rf1 Be7 31. Qxb4 Rf4 32. Qc3 Ra8 33. g3 Rf5 34. Rd2 Raf8 35. Qd3 Rf3 36. Qb1 d5 37. cxd5 Bc5 38. Qb2 e4 39. b4 Be3 40. Re2 Bh6 41. Kg2 e3 42. Nd4 Bg7 43. Nxf3 Bxb2 44. Rxb2 Qf6 45. Re2 Qxf3+ 46. Kg1 Qxe2 47. f4 Rc8 48. d6 Rc2 0-1